Personnages du Cluedo par images - Statistiques

Statistiques générales
  • Ce quiz a été pris 43 fois
  • Le résultat moyen est 5 sur 16
Statistiques - réponses
Par images Réponse % Correct
Colonel Moutarde
95%
Mademoiselle Rose
89%
Professeur Violet
79%
Révérend Olive
79%
Madame Pervenche
74%
Madame Leblanc
47%
Docteur Orchidée
21%
Francis
11%
Prince Azur
11%
Lady Lavande
8%
Madame Beaumont
8%
Mademoiselle Pêche
8%
Sergent Legris
5%
Compte Du Puy
3%
Madame Chose
3%
Monsieur Prunelle
3%
Aucun quiz correspondant
Distribution des résultats
% des personnes avec chaque résultat
Percentile par nombre de réponses
Votre historique - résultats
Vous n’avez pas pris ce quiz